=LDR 00000nam 2200000 4500 =001 INLIS000000000043175 =005 20131008102243 =008 ***********************************Ind** =035 ##$$0010-101300000001097 =041 ##$$a Ind =082 ##$$a 028.5 =090 ##$$a 028.5, Ris m =100 ##$$a Risman =245 ##$$a Mengungkap Rahasia Alam; Drs.Risman =260 ##$$a 2001 $b Yogyakarta =300 ##$$a x, 114 hlm, ilus, 21 cm =650 ##$$a Bacaan Kanak - Kanak =850 ##$$a NBPNMAT